[Event "AUTO-INT-1954"]
[Site "http://www.queenalice.com/game.php?id=900296"]
[Date "2011.2.14"]
[Round "1"]
[White "leandrodaquimica"]
[Black "gnoll"]
[Result "1-0"]
[WhiteElo "1527"]
[BlackElo "1342"]

1. e4 Nf6 2. d3 e5 3. Bg5 h6 4. Bxf6 gxf6 5. Nc3 c6 6. d4 d5 7. dxe5 fxe5 8. Nf3
Bg4 9. Be2 Bxf3 10. Bxf3 f6 11. exd5 Qb6 12. b3 Bc5 13. O-O Qa5 14. b4 Bxb4 15.
Bh5+ Ke7 16. dxc6 bxc6 17. Qd3 Bxc3 18. Rad1 Bd4 19. c3 Bxc3 20. Qd6# 1-0

[Event "Challenge"]
[Site "http://www.queenalice.com/game.php?id=903916"]
[Date "2011.2.22"]
[Round "-"]
[White "joe_conte1"]
[Black "gnoll"]
[Result "1-0"]
[WhiteElo "1100"]
[BlackElo "1342"]

1. e4 g6 2. b3 Bg7 3. Nc3 Bxc3 4. dxc3 c5 5. g3 e5 6. Bc4 Ne7 7. Bg5 O-O 8. Qd6
Nf5 9. Qf6 Qxf6 10. Bxf6 Nd6 11. Bd5 a5 12. Bxe5 Nxe4 13. Bxe4 Re8 14. f4 Nc6
15. O-O-O Nxe5 16. fxe5 Rxe5 17. Bd5 a4 18. Nf3 Re3 19. Rhe1 Re6 20. Bxe6 fxe6
21. Rd6 axb3 22. axb3 Ra1+ 23. Kb2 Rxe1 24. Nxe1 Kf7 25. Nd3 Ke7 26. Rb6 d6 27.
b4 cxb4 28. cxb4 e5 29. Kc1 Kd7 30. c4 Kc7 31. c5 e4 32. Nf4 dxc5 33. bxc5 e3
34. Kd1 Bg4+ 35. Ke1 g5 36. Ne6+ Kb8 37. Nd8 Bf3 38. c6 Kc7 39. cxb7 Bxb7 40.
Rxb7+ Kxd8 41. Rxh7 g4 42. Ke2 Ke8 43. Kxe3 Kf8 44. Kf4 Kg8 45. Ra7 Kh8 46. Kxg4
Kg8 47. h4 Kh8 48. h5 Kg8 49. h6 Kh8 50. Kg5 Kg8 51. Kg6 Kh8 52. g4 Kg8 53. Ra8#
1-0

[Event "Let's Play Chess!"]
[Site "http://www.queenalice.com/game.php?id=906010"]
[Date "2011.2.27"]
[Round "-"]
[White "gnoll"]
[Black "betanio"]
[Result "0-1"]
[WhiteElo "1378"]
[BlackElo "1416"]

1. e4 c5 2. Bb5 a6 3. Ba4 b5 4. Bxb5 axb5 5. Nc3 Ba6 6. Nd5 e6 7. Nf4 Nf6 8. Qf3
Bb7 9. Nge2 Bxe4 10. Qb3 Bxg2 11. Nxg2 b4 12. a3 Nc6 13. d3 d5 14. c4 bxc3 15.
Qb7 Na5 16. Qb5+ Nd7 17. Nxc3 Rb8 18. Qa4 Be7 19. Bd2 Rxb2 20. O-O-O Rb7 21. Nb5
Nc6 22. f4 O-O 23. Ne3 Nb6 24. Qc2 Nd7 25. Nc3 Nd4 0-1

[Event "Challenge"]
[Site "http://www.queenalice.com/game.php?id=918910"]
[Date "2011.3.29"]
[Round "-"]
[White "Gusmao"]
[Black "gnoll"]
[Result "1-0"]
[WhiteElo "1210"]
[BlackElo "1364"]

1. e4 Nf6 2. Nc3 c6 3. e5 Nd5 4. Nxd5 cxd5 5. c4 Qa5 6. a3 dxc4 7. Bxc4 Qxe5+ 8.
Qe2 Qc7 9. Qf3 Qxc4 10. Nh3 d5 11. d3 Qb3 12. O-O e6 13. Ng5 h6 14. Nxf7 Rg8 15.
Ne5 Nd7 16. Qf7+ Kd8 17. Qxg8 Nxe5 18. Qxf8+ Kd7 19. Qxg7+ Kc6 20. Qxe5 Bd7 21.
Bf4 Be8 22. Rac1+ Kb5 23. Rc3 Qa2 24. Qxe6 1-0

[Event "AUTO-INT-1994"]
[Site "http://www.queenalice.com/game.php?id=918923"]
[Date "2011.3.29"]
[Round "1"]
[White "gnoll"]
[Black "ValerioR"]
[Result "0-1"]
[WhiteElo "1344"]
[BlackElo "1498"]

1. d4 Nf6 2. f3 Nc6 3. e4 e5 4. d5 Nb4 5. Bd3 Bc5 6. b3 d6 7. Bb5+ c6 8. dxc6
O-O 9. Ne2 bxc6 10. Bxc6 Nxc6 11. a4 Qa5+ 12. Bd2 Nb4 13. c4 Nd3+ 14. Kf1 Qb6
15. Be1 Nf2 16. Bxf2 Bxf2 17. Nd2 Bh4 18. Ng3 Ng4 19. fxg4 Qd4 20. Nf5 Qf2# 0-1

[Event "AUTO-INT-1994"]
[Site "http://www.queenalice.com/game.php?id=918924"]
[Date "2011.3.29"]
[Round "1"]
[White "ValerioR"]
[Black "gnoll"]
[Result "0-1"]
[WhiteElo "1497"]
[BlackElo "1334"]

1. f4 Nf6 2. Nf3 c6 3. d4 e6 4. e4 Nxe4 5. Bd3 d5 6. c4 f5 7. Ne5 Qh4+ 8. Kf1
Ng3+ 9. Kg1 Nxh1 10. Kxh1 Bd6 11. Nc3 Nd7 12. Na4 Nf6 13. Nc5 Ng4 14. Nxg4 fxg4
15. f5 g3 16. h3 Qxd4 17. Nxe6 Qb6 18. Qh5+ g6 19. fxg6 Bxe6 20. gxh7+ Kf8 21.
Bh6+ Ke7 22. Bg7 d4 23. Rf1 Qc5 24. Bxh8 Qxh5 25. Bf6+ Kf7 26. h8=Q Rxh8 27.
Bxh8+ Kg8 28. Bxd4 Bxh3 29. Bxa7 Bxg2+ 30. Kxg2 c5 31. Bxc5 Bxc5 32. Rf5 Qh2+
33. Kf3 Be7 34. Re5 g2 35. Rxe7 g1=Q 36. Re8+ Kf7 37. Re2 Qgg3+ 38. Ke4 Qhh4+
39. Kd5 Qgg5+ 40. Re5 Qd8+ 41. Kc5 Qhd4+ 42. Kb4 Qxe5 43. Bc2 Qb6+ 44. Ka3 Qea5+
45. Ba4 Qbb4# 0-1

[Event "AUTO-INT-1994"]
[Site "http://www.queenalice.com/game.php?id=918925"]
[Date "2011.3.29"]
[Round "1"]
[White "gnoll"]
[Black "gonzo655"]
[Result "0-1"]
[WhiteElo "1333"]
[BlackElo "1550"]

1. Nf3 d6 2. d4 Nc6 3. c3 Bg4 4. Nbd2 Nf6 5. h3 Bxf3 6. exf3 g6 7. Bb5 Qd7 8.
O-O a6 9. Qa4 Bh6 10. g4 O-O 11. Bxc6 Qxc6 12. Qb3 b5 13. Re1 e6 14. Rxe6 fxe6
15. Qxe6+ Rf7 16. Ne4 Nxe4 17. Qxe4 Qxe4 18. fxe4 Bxc1 19. Rxc1 Re8 20. c4 b4
21. c5 Rxe4 22. cxd6 cxd6 23. Rd1 Rfe7 24. Kf1 a5 25. f3 Rf4 26. Kf2 Ref7 27.
Rd3 a4 28. Kg3 g5 29. h4 gxh4+ 30. Kxh4 Rxf3 31. Rxf3 Rxf3 32. d5 Rd3 0-1

[Event "AUTO-INT-1994"]
[Site "http://www.queenalice.com/game.php?id=918926"]
[Date "2011.3.29"]
[Round "1"]
[White "gonzo655"]
[Black "gnoll"]
[Result "0-1"]
[WhiteElo "1544"]
[BlackElo "1319"]

1. e4 d5 2. f3 e5 3. Nc3 d4 4. Nce2 c5 5. d3 g5 6. c3 Nc6 7. Qa4 Nf6 8. Bxg5 Be7
9. Bxf6 Bxf6 10. Ng3 O-O 11. Nh5 Bg5 12. Nh3 Bxh3 13. gxh3 Be3 14. Qc4 Qh4+ 15.
Ng3 Qf4 16. Bg2 dxc3 17. Qxc3 Bd4 18. Qd2 Be3 19. Qe2 Nd4 20. Qd1 f5 21. Nh5 Qg5
22. Ng3 f4 23. h4 Qxh4 24. Qa4 fxg3 25. h3 Qf4 26. Qc4+ Kg7 27. Kd1 Nxf3 28. Rf1
Bf2 29. Qc2 Nd4 30. Qa4 b5 31. Qa5 c4 32. Qc3 Rfd8 33. Qd2 Qf6 34. a4 Nb3 35.
Qc2 Rxd3+ 36. Ke2 Re3+ 37. Kd1 Qd6+ 0-1

[Event "AUTO-INT-1994"]
[Site "http://www.queenalice.com/game.php?id=918927"]
[Date "2011.3.29"]
[Round "1"]
[White "gnoll"]
[Black "Montfort83"]
[Result "0-1"]
[WhiteElo "1364"]
[BlackElo "1488"]

1. Nf3 Nf6 2. d4 e6 3. e3 b6 4. Nc3 Bb4 5. Bd2 Bb7 6. g3 Bxc3 7. bxc3 Ne4 8. Qe2
Qf6 9. c4 Nxd2 10. Kxd2 Bxf3 0-1

[Event "AUTO-INT-1994"]
[Site "http://www.queenalice.com/game.php?id=918928"]
[Date "2011.3.29"]
[Round "1"]
[White "Montfort83"]
[Black "gnoll"]
[Result "1-0"]
[WhiteElo "1539"]
[BlackElo "1342"]

1. c4 g5 2. d4 h6 3. Nc3 Bg7 4. Nf3 d6 5. e4 Bg4 6. Be2 e5 7. d5 Nf6 8. Nd4 Bxe2
9. Ndxe2 O-O 10. Ng3 g4 11. Nf5 h5 12. Ne2 Nxe4 13. Qc2 Nc5 14. Neg3 h4 15. Nh5
Bf6 16. Nh6+ Kh8 17. Qf5 Rg8 18. Nxg8 Kxg8 19. Nxf6+ Kg7 20. Qg5+ 1-0

[Event "AUTO-INT-2040"]
[Site "http://www.queenalice.com/game.php?id=941053"]
[Date "2011.5.21"]
[Round "1"]
[White "kanibal"]
[Black "gnoll"]
[Result "0-1"]
[WhiteElo "1640"]
[BlackElo "1384"]

1. Nf3 f6 2. d4 a5 3. e4 d5 4. e5 e6 5. Bd3 g5 6. O-O c5 7. Bb5+ Nc6 8. Bxc6+
bxc6 9. dxc5 Bxc5 10. exf6 Qxf6 11. Bxg5 Qxb2 12. Nbd2 h6 13. Bf4 Nf6 14. Re1
Qb6 15. Be5 O-O 16. Bxf6 Bxf2+ 17. Kf1 Rxf6 18. Re2 Bg1 19. Rb1 Qa7 20. Qe1 Bxh2
21. Qh4 Qg1# 0-1

[Event "AUTO-INT-2040"]
[Site "http://www.queenalice.com/game.php?id=941054"]
[Date "2011.5.21"]
[Round "1"]
[White "gnoll"]
[Black "kanibal"]
[Result "1-0"]
[WhiteElo "1406"]
[BlackElo "1716"]

1. e4 d5 2. Nc3 d4 3. Nd5 c6 4. Nf4 e5 5. Nd3 Bd6 6. b4 Nf6 7. h4 Ng4 8. f3 Nf6
9. g4 Qe7 10. c3 dxc3 11. dxc3 c5 12. a3 c4 13. g5 Nh5 14. Kf2 f6 15. a4 cxd3
16. Bxd3 Nf4 17. Bxf4 exf4 18. a5 fxg5 19. h5 Nc6 20. Qa4 Bd7 21. b5 Ne5 22. Be2
g4 23. c4 Bc5+ 24. Kg2 g3 25. Nh3 Qf6 26. Rad1 Qf7 27. Qa1 Qe6 28. Nxf4 Qe7 29.
Nd5 Qd6 30. a6 bxa6 31. Qxa6 Qh6 32. Nc7+ Kd8 33. Nxa8 Qe3 34. Kxg3 Qf2+ 35. Kf4
Nc6 36. bxc6 Qe3+ 37. Kg3 Qg5+ 38. Kh2 Qxh5+ 39. Kg2 Qg6+ 40. Kf1 Qxc6 41. Qxc6
1-0

[Event "AUTO-INT-2040"]
[Site "http://www.queenalice.com/game.php?id=941065"]
[Date "2011.5.21"]
[Round "1"]
[White "yannigator"]
[Black "gnoll"]
[Result "1-0"]
[WhiteElo "1706"]
[BlackElo "1410"]

1. b3 g6 2. Bb2 f6 3. e3 e5 4. d4 Nc6 5. dxe5 fxe5 6. Bc4 Nge7 7. e4 Bh6 8. Ne2
d6 9. O-O a5 10. f4 exf4 11. Bxh8 f3 12. Rxf3 Bg4 13. Qf1 Kd7 14. Bf6 Nb4 15.
Nd4 c5 16. Bb5+ Kc8 17. Rg3 cxd4 18. c4 Be3+ 19. Kh1 Nc2 20. Rxg4 Nxa1 21. e5 d5
22. Na3 Nxb3 23. axb3 h5 24. Rxg6 Qf8 25. g3 Nxg6 26. Qf5+ Kb8 27. Qxg6 Qxa3 28.
e6 Qc1+ 29. Kg2 Qd2+ 30. Kh3 Bg1 31. Be5+ Ka7 32. g4 hxg4+ 33. Qxg4 Qh6+ 34. Kg2
Be3 35. Bxd4+ Bxd4 36. Qxd4+ b6 37. Qxd5 Rh8 38. Qd7+ Kb8 39. Qd6+ Kb7 40. Qd7+
Kb8 41. Qd6+ Kc8 42. Ba6# 1-0

[Event "AUTO-INT-2040"]
[Site "http://www.queenalice.com/game.php?id=941066"]
[Date "2011.5.21"]
[Round "1"]
[White "gnoll"]
[Black "yannigator"]
[Result "0-1"]
[WhiteElo "1391"]
[BlackElo "1622"]

1. e4 e6 2. d4 d5 3. Bd3 c5 4. c3 c4 5. Bxc4 dxc4 6. Qa4+ Bd7 7. Qxc4 Nc6 8. b4
Be7 9. e5 Rc8 10. Nf3 Nxe5 11. Qe2 Ng6 12. O-O Nf6 13. Bg5 O-O 14. Ne5 Nxe5 15.
dxe5 Nd5 16. Bxe7 Qxe7 17. g3 Nxc3 18. Nxc3 Rxc3 19. f4 Qxb4 20. Rab1 Qd4+ 21.
Rf2 Rfc8 22. Rd1 Qxd1+ 23. Qxd1 Rc1 24. Qf1 Rxf1+ 25. Rxf1 Bb5 26. Rb1 Bc6 27.
h3 Rd8 28. h4 Rd2 29. a4 Rg2+ 30. Kf1 Rxg3 31. Rd1 Kf8 0-1

[Event "AUTO-INT-2040"]
[Site "http://www.queenalice.com/game.php?id=941071"]
[Date "2011.5.21"]
[Round "1"]
[White "lordmago"]
[Black "gnoll"]
[Result "0-1"]
[WhiteElo "1401"]
[BlackElo "1357"]

1. d4 b6 2. e4 d5 3. e5 Bf5 4. Bd3 e6 5. Bxf5 exf5 6. Nf3 f6 7. exf6 Qxf6 8. Nc3
Ne7 9. O-O Nbc6 10. Re1 O-O-O 11. Bg5 Qf7 12. Bxe7 Bxe7 13. Ne5 Nxe5 14. Rxe5 g5
15. Qe2 Rhe8 16. Qa6+ Kb8 17. Nb5 Bd6 18. Qxa7+ Kc8 19. Qa8+ Kd7 20. Qxd5 Qxd5
21. Rxd5 Re2 22. Rxf5 Rxc2 23. Rxg5 Rxb2 24. Rg7+ Kc6 25. Nxd6 Rxd6 26. a4 Rxd4
27. Rc1+ Kb7 28. Rcxc7+ Kb8 29. Rcf7 Rd1# 0-1

[Event "AUTO-INT-2040"]
[Site "http://www.queenalice.com/game.php?id=941072"]
[Date "2011.5.21"]
[Round "1"]
[White "gnoll"]
[Black "lordmago"]
[Result "1-0"]
[WhiteElo "1375"]
[BlackElo "1383"]

1. e4 e5 2. Ne2 d6 3. d4 Nf6 4. f3 Nc6 5. d5 Ne7 6. Nbc3 g6 7. g4 c6 8. Bg5 Bg7
9. b4 cxd5 10. exd5 h6 11. Bxf6 Bxf6 12. Ne4 O-O 13. Nxf6+ Kg7 14. Ne4 f5 15.
gxf5 Bxf5 16. c4 Bxe4 17. fxe4 Qb6 18. Qd2 Qf2+ 19. Kd1 Qf3 20. Rg1 Qxe4 21. Ng3
Qxc4 22. Bxc4 Rac8 23. Bb3 h5 24. Qg5 Nf5 25. Nxf5+ Rxf5 26. Qe7+ Rf7 27. Qxd6
Rc3 28. Qxe5+ Kh7 29. Qxc3 1-0

[Event "AUTO-INT-2104"]
[Site "http://www.queenalice.com/game.php?id=968195"]
[Date "2011.8.2"]
[Round "1"]
[White "WeffersoN_1988"]
[Black "gnoll"]
[Result "1-0"]
[WhiteElo "1693"]
[BlackElo "1442"]

1. e4 e5 2. Bc4 h5 3. Nf3 d6 4. h3 g5 5. h4 f6 6. Ng1 f5 7. Bxg8 gxh4 8. exf5
Bxf5 9. d3 d5 10. Qf3 Rxg8 11. Qxh5+ Bg6 12. Qxe5+ Qe7 13. Qxe7+ Bxe7 14. Kf1 c5
15. Nf3 Rh8 16. Nc3 Bf7 17. Bg5 d4 18. Nb5 Kd8 19. Re1 Bxg5 20. Nxg5 Bxa2 21.
Nf7+ Bxf7 22. Nd6 Bd5 23. Re5 Bxg2+ 24. Kg1 Bxh1 25. Kxh1 Nd7 26. Rf5 a5 27. f4
a4 28. Rg5 a3 29. bxa3 Rxa3 30. Nf7+ Kc7 31. Nxh8 Ra1+ 32. Kh2 Rc1 33. Rg2 b5
34. f5 Rf1 35. Rg5 Rf2+ 36. Kh3 Ne5 37. Ng6 Nf3 38. Rg2 Rxg2 39. Kxg2 Ng5 40.
Nxh4 b4 41. Kg3 Kd6 42. Kf4 Nh3+ 43. Kg4 Nf2+ 44. Kg5 Nxd3 45. cxd3 b3 46. f6 b2
47. f7 Ke7 48. Kg6 b1=Q 49. Kg7 Qf1 50. Ng6+ Ke6 51. f8=Q Qxd3 52. Qxc5 Qc3 53.
Qe5+ Kd7 54. Nf8+ Kc6 55. Ne6 Qg3+ 56. Qxg3 1-0

[Event "AUTO-INT-2104"]
[Site "http://www.queenalice.com/game.php?id=968196"]
[Date "2011.8.2"]
[Round "1"]
[White "gnoll"]
[Black "WeffersoN_1988"]
[Result "0-1"]
[WhiteElo "1407"]
[BlackElo "1587"]

1. e4 e5 2. b3 Bc5 3. h4 Qf6 4. Nf3 d6 5. Bb2 Nh6 6. d4 exd4 7. Bxd4 Bxd4 8.
Qxd4 Qxd4 9. Nxd4 O-O 10. Bc4 a6 11. Nc3 b5 12. Bd5 Ra7 13. O-O-O c5 14. Ndxb5
axb5 15. Nxb5 Ra6 16. Bc4 Rd8 17. f4 Ng4 18. Nc7 Rxa2 19. Kb1 Ra7 20. Ne8 Rxe8
21. Rxd6 h6 22. Bd5 Bb7 23. Bxb7 Rxb7 24. Rd5 c4 25. Rc5 cxb3 26. e5 bxc2+ 27.
Kxc2 Ra7 28. Rh3 Ra2+ 29. Kd3 Nf2+ 30. Ke3 Nxh3 31. gxh3 Ra3+ 32. Ke4 Rxh3 33.
h5 Rxh5 34. f5 g5 35. f6 g4 36. Rc1 Rhxe5+ 37. Kf4 R5e6 38. Kf5 Nd7 39. Kxg4
Rxf6 40. Rg1 Rg6+ 41. Kh5 Rxg1 42. Kh4 Re5 43. Kh3 Rh5# 0-1

[Event "AUTO-INT-2104"]
[Site "http://www.queenalice.com/game.php?id=968207"]
[Date "2011.8.2"]
[Round "1"]
[White "papyrusmoon"]
[Black "gnoll"]
[Result "1-0"]
[WhiteElo "1486"]
[BlackElo "1434"]

1. e4 Nf6 2. Nc3 b6 3. Bb5 a6 4. Bc4 g6 5. Nf3 Bb7 6. O-O c5 7. d4 cxd4 8. Nxd4
Bxe4 9. Qe1 d5 10. Bb3 e5 11. Nxe4 dxe4 12. Ne2 Nd5 13. c4 Bb4 14. Bd2 e3 15.
fxe3 O-O 16. Bxb4 Nxb4 17. Qxb4 Nc6 18. Qc3 a5 19. Rfd1 Qc7 20. c5 b5 21. Ng3 a4
22. Bd5 b4 23. Qc4 h5 24. Ne4 Kh8 25. Nd6 g5 26. Nxf7+ Qxf7 27. Bxf7 1-0

[Event "AUTO-INT-2104"]
[Site "http://www.queenalice.com/game.php?id=968208"]
[Date "2011.8.2"]
[Round "1"]
[White "gnoll"]
[Black "papyrusmoon"]
[Result "0-1"]
[WhiteElo "1420"]
[BlackElo "1500"]

1. e4 Nf6 2. Nc3 d5 3. f3 e6 4. d3 Bc5 5. Nge2 O-O 6. g4 Re8 7. h4 Nc6 8. h5 h6
9. Nf4 Qd6 10. exd5 exd5+ 11. Be2 Nd4 12. Kd2 Rxe2+ 13. Qxe2 Nxe2 14. Ncxe2 Qe5
15. Ke1 d4 16. c3 dxc3 17. bxc3 Qe8 18. d4 Bd6 19. Nd3 Qc6 20. Rf1 Nd5 21. a4
Bd7 22. g5 Re8 23. gxh6 gxh6 24. Bxh6 Qc4 25. Rg1+ Kh7 26. Bg7 Qxc3+ 27. Kd1
Qxd3+ 0-1